| 000 | 00339nam a2200133Ia 4500 | ||
|---|---|---|---|
| 008 | 240624s9999 xx 000 0 und d | ||
| 041 | _aeng | ||
| 082 | _a519.5 LEE | ||
| 100 | _aLEE YOUNGJO | ||
| 245 | _aDATA ANALYSIS USING HIERARCHICAL GENERAL | ||
| 260 |
_c2017 _aLondon _bCRC Press |
||
| 300 | _axii, 321 p.; 23 cm. | ||
| 365 |
_cBPS _b31 |
||
| 999 |
_c30283 _d30283 |
||